[Event "Wch U16 Girls"]
[Site "Porto Carras"]
[Date "2018.10.29"]
[Round "10.31"]
[White "Tejasvi, M."]
[Black "Akti, Ezgi"]
[Result "1/2-1/2"]
[WhiteElo "1869"]
[BlackElo "1643"]
[PlyCount "51"]
[EventDate "2018.10.20"]
[EventType "swiss"]
[EventRounds "11"]
[EventCountry "GRE"]
[SourceTitle "CBM 187 Extra"]
[Source "ChessBase"]
[SourceDate "2018.11.04"]
[SourceVersion "1"]
[SourceVersionDate "2018.11.04"]
[SourceQuality "1"]

1. e4 e5 2. Nf3 Nc6 3. Bc4 Be7 4. c3 Nf6 5. d3 d6 6. Bb3 0-0 7. Nbd2 Na5 8. Bc2 c5 9. Nf1 Nc6 10. Ng3 h6 11. 0-0 Re8 12. h3 Bf8 13. d4 exd4 14. cxd4 cxd4 15. Nxd4 d5 16. exd5 Qxd5 17. Nxc6 Qxc6 18. Be3 Be6 19. Ba4 b5 20. Rc1 Qb7 21. Bb3 Red8 22. Qe2 Bxb3 23. axb3 a6 24. Rcd1 Rxd1 25. Rxd1 Qe7 26. Qf3 1/2-1/2

[Event "IND-ch U13 Girls 29th"]
[Site "Gurgaon"]
[Date "2015.09.03"]
[Round "7"]
[White "Vantika, Agrawal"]
[Black "Tejasvi, M."]
[Result "1-0"]
[WhiteElo "1951"]
[BlackElo "1569"]
[PlyCount "115"]
[EventDate "2015.08.30"]
[EventType "swiss"]
[EventRounds "11"]
[EventCountry "IND"]
[SourceTitle "EXT 2016"]
[Source "ChessBase"]
[SourceDate "2015.10.08"]
[SourceVersion "1"]
[SourceVersionDate "2015.10.08"]
[SourceQuality "1"]

1. d4 Nf6 2. Nf3 e6 3. g3 d5 4. Bg2 Be7 5. 0-0 0-0 6. c4 dxc4 7. Qc2 a6 8. Qxc4 b5 9. Qc2 Bb7 10. Bd2 Be4 11. Qc1 Bb7 12. Bf4 Nd5 13. Nc3 Nxf4 14. Qxf4 Qd6 15. Qe3 Nd7 16. a4 b4 17. Ne4 Bxe4 18. Qxe4 Rac8 19. Rfd1 a5 20. Nd2 c5 21. Nc4 Qa6 22. d5 Nf6 23. Qc2 exd5 24. Bxd5 g6 25. Qb3 Nxd5 26. Rxd5 Rfd8 27. Rad1 Rxd5 28. Rxd5 Rd8 29. Qd3 Rxd5 30. Qxd5 Kg7 31. e3 h5 32. Kg2 Qa7 33. e4 Qc7 34. Qe5+ Qxe5 35. Nxe5 Bd6 36. Nc4 Bc7 37. f4 Kf6 38. Kf3 Ke6 39. Ke3 Kf6 40. Kd3 Ke6 41. Ne3 Kd7 42. Kc4 Kc6 43. Nd5 Bd8 44. e5 g5 45. f5 g4 46. e6 fxe6 47. fxe6 Kd6 48. e7 Bxe7 49. Nxe7 Kxe7 50. Kxc5 Ke6 51. Kb5 Kd5 52. Kxa5 Kc4 53. Kb6 Kd3 54. a5 Kc2 55. a6 Kxb2 56. a7 b3 57. a8Q Kb1 58. Kc5 1-0

[Event "Wch U10 Girls"]
[Site "Maribor"]
[Date "2012.11.18"]
[Round "11.18"]
[White "Tejasvi, M."]
[Black "Palma, Maria"]
[Result "1/2-1/2"]
[WhiteElo "1426"]
[BlackElo "1617"]
[PlyCount "98"]
[EventDate "2012.11.08"]
[EventType "swiss"]
[EventRounds "11"]
[EventCountry "SLO"]
[SourceTitle "EXT 2013"]
[Source "ChessBase"]
[SourceDate "2012.11.22"]
[SourceVersion "1"]
[SourceVersionDate "2012.11.22"]
[SourceQuality "1"]

1. e4 e5 2. Nf3 Nc6 3. Bc4 Bc5 4. c3 Nf6 5. d3 a6 6. Bb3 Ba7 7. 0-0 d6 8. Nbd2 0-0 9. Re1 Bg4 10. Nf1 Nh5 11. h3 Be6 12. Ng5 Qf6 13. d4 Nf4 14. Bxf4 exf4 15. Qh5 h6 16. Nxe6 fxe6 17. Qg4 Rae8 18. Nd2 Kh7 19. Nf3 Qg6 20. Qh4 e5 21. Rad1 Qf6 22. Qxf6 Rxf6 23. dxe5 Nxe5 24. Nxe5 Rxe5 25. Rd5 Rxd5 26. exd5 Rf8 27. Re7 Bb6 28. Kf1 Kg8 29. Ke2 Rf7 30. Re4 Kf8 31. Kf3 Bc5 32. Bc4 Bb6 33. b4 Rf6 34. a4 a5 35. Bb3 Rf7 36. Rxf4 Rxf4+ 37. Kxf4 Bxf2 38. bxa5 Be1 39. Bc4 Bxc3 40. a6 bxa6 41. Bxa6 Kf7 42. Bc8 Ke7 43. Kf5 Kd8 44. Bb7 Kd7 45. Bc6+ Ke7 46. Kg6 Kd8 47. h4 Ke7 48. h5 Kf8 49. g4 Kg8 1/2-1/2

[Event "Wch U10 Girls"]
[Site "Maribor"]
[Date "2012.11.16"]
[Round "9.20"]
[White "Tejasvi, M."]
[Black "Hereklioglu, Sude"]
[Result "0-1"]
[WhiteElo "1426"]
[BlackElo "1616"]
[PlyCount "116"]
[EventDate "2012.11.08"]
[EventType "swiss"]
[EventRounds "11"]
[EventCountry "SLO"]
[SourceTitle "EXT 2013"]
[Source "ChessBase"]
[SourceDate "2012.11.22"]
[SourceVersion "1"]
[SourceVersionDate "2012.11.22"]
[SourceQuality "1"]

1. e4 c5 2. c3 d5 3. exd5 Qxd5 4. d4 Nf6 5. Nf3 Bg4 6. Be2 e6 7. Be3 cxd4 8. cxd4 Nc6 9. Nc3 Qd6 10. 0-0 Be7 11. h3 Bh5 12. Nb5 Qd8 13. Ne5 Bxe2 14. Qxe2 0-0 15. Rfd1 a6 16. Nc3 Rc8 17. Qf3 Qc7 18. Nd3 Nb4 19. Nf4 Rfd8 20. Rac1 Qd7 21. Nh5 Rc6 22. a3 Nbd5 23. Ne4 Nxh5 24. Qxh5 Nf6 25. Qf3 Nxe4 26. Qxe4 Bf6 27. Rxc6 bxc6 28. Rc1 Qd5 29. Qxd5 cxd5 30. Rc6 Ra8 31. Kf1 Kf8 32. Ke2 Ke8 33. Kd3 Kd7 34. Rc5 Be7 35. Rc2 f6 36. Bf4 Bd6 37. Bxd6 Kxd6 38. b4 e5 39. f3 Rb8 40. Rc5 Rb5 41. Ke3 exd4+ 42. Kxd4 Rxc5 43. bxc5+ Kc6 44. a4 a5 45. g3 g5 46. h4 gxh4 47. gxh4 h5 48. f4 f5 49. Ke5 Kxc5 50. Kxf5 d4 51. Kg6 d3 52. f5 d2 53. f6 d1Q 54. f7 Qg4+ 55. Kh7 Qf5+ 56. Kh8 Kd6 57. Kg7 Ke7 58. Kh6 Qxf7 0-1

[Event "Wch U10 Girls"]
[Site "Maribor"]
[Date "2012.11.12"]
[Round "5.15"]
[White "Tejasvi, M."]
[Black "Oyunsuvd, Bat Erdene"]
[Result "1/2-1/2"]
[WhiteElo "1426"]
[BlackElo "1645"]
[PlyCount "88"]
[EventDate "2012.11.08"]
[EventType "swiss"]
[EventRounds "11"]
[EventCountry "SLO"]
[SourceTitle "EXT 2013"]
[Source "ChessBase"]
[SourceDate "2012.11.22"]
[SourceVersion "1"]
[SourceVersionDate "2012.11.22"]
[SourceQuality "1"]

1. e4 c5 2. c3 Nf6 3. e5 Nd5 4. d4 cxd4 5. Nf3 e6 6. cxd4 Be7 7. Nc3 Nxc3 8. bxc3 Nc6 9. Bd3 h6 10. Qe2 d5 11. exd6 Bxd6 12. 0-0 0-0 13. Ne5 Bxe5 14. dxe5 Nxe5 15. Ba3 Re8 16. Bb5 Nc6 17. Rfd1 Qg5 18. Rd6 a6 19. Bxc6 bxc6 20. Qf3 e5 21. Qxc6 Be6 22. Qf3 Rec8 23. Bc1 Qe7 24. Ba3 Qc7 25. Rd3 Qc6 26. Qxc6 Rxc6 27. Re3 Rd8 28. Rxe5 Rxc3 29. Bb4 Rc2 30. a3 Rdc8 31. h3 Rb2 32. Rc5 Rxc5 33. Bxc5 Rb5 34. Rc1 a5 35. Kh2 a4 36. Bb4 g6 37. Rc5 Rxc5 38. Bxc5 h5 39. Kg3 Kg7 40. Kf4 f6 41. h4 Bd7 42. g3 Kf7 43. Ke4 Bf5+ 44. Kf4 Bc2 1/2-1/2

[Event "Wch U10 Girls"]
[Site "Maribor"]
[Date "2012.11.09"]
[Round "2.13"]
[White "Schneider, Jana"]
[Black "Tejasvi, M."]
[Result "1-0"]
[WhiteElo "1668"]
[BlackElo "1426"]
[PlyCount "91"]
[EventDate "2012.11.08"]
[EventType "swiss"]
[EventRounds "11"]
[EventCountry "SLO"]
[SourceTitle "EXT 2013"]
[Source "ChessBase"]
[SourceDate "2012.11.22"]
[SourceVersion "1"]
[SourceVersionDate "2012.11.22"]
[SourceQuality "1"]

1. e4 e5 2. Nf3 Nc6 3. Bc4 Nf6 4. d3 Be7 5. c3 d6 6. Bb3 0-0 7. 0-0 Bg4 8. h3 Bh5 9. Nbd2 h6 10. Re1 Nh7 11. Nf1 Bg5 12. Ng3 Bxc1 13. Rxc1 Bxf3 14. Qxf3 Ng5 15. Qg4 Na5 16. Bc2 c5 17. Nf5 Qf6 18. Rf1 c4 19. d4 Nc6 20. f4 Nh7 21. fxe5 dxe5 22. Ne3 Qd6 23. Nxc4 Qc7 24. d5 Nb4 25. Ne3 Qb6 26. Rf3 f5 27. exf5 Nxd5 28. Bb3 Nhf6 29. Qg6 Qc5 30. Bxd5+ Nxd5 31. Qe6+ Rf7 32. Qxd5 Qb6 33. Qb3 Qc5 34. Kh1 e4 35. Rg3 Qd6 36. Nf1 Qf4 37. Re1 Qxf5 38. Rge3 Re8 39. Ng3 Qd7 40. Rxe4 Ref8 41. Re7 Qd6 42. Rxf7 Rxf7 43. Re8+ Kh7 44. Qxf7 Qxg3 45. Qf5+ Qg6 46. Rh8+ 1-0